[Event "Manavgat Turkey Cup"]
[Site "Manavgat"]
[Date "2016.02.03"]
[Round "7"]
[White "Ozturk, Yavuz"]
[Black "Baykali, Metin"]
[Result "1-0"]
[WhiteElo "1785"]
[BlackElo "1648"]
[PlyCount "42"]
[EventDate "2016.01.30"]
[EventType "swiss"]
[EventRounds "11"]
[EventCountry "TUR"]
[SourceTitle "CBM 170 Extra"]
[Source "ChessBase"]
[SourceDate "2016.02.25"]
[SourceVersion "1"]
[SourceVersionDate "2016.02.25"]
[SourceQuality "1"]

1. e4 c5 2. Nf3 Nc6 3. Nc3 g6 4. d4 cxd4 5. Nxd4 Bg7 6. Be3 a6 7. Qd2 Nf6 8. Be2 d6 9. 0-0-0 0-0 10. f3 Ne8 11. h4 Nxd4 12. Bxd4 e5 13. Be3 f5 14. Bc4+ Kh8 15. h5 gxh5 16. Rxh5 f4 17. Bf2 Nf6 18. Rh2 Qc7 19. Bb3 Rd8 20. Rdh1 h6 21. Bh4 Rd7 1-0